[Event "Farum op"]
[Site "Farum"]
[Date "1993.??.??"]
[Round "7"]
[White "Thuesen, Mogens"]
[Black "Petersen, Peter Birk"]
[Result "1/2-1/2"]
[WhiteElo "2280"]
[BlackElo "2210"]

1.d4 Nf6 2.c4 e6 3.g3 Bb4+ 4.Bd2 Be7 5.Bg2 d5 6.Nf3 c6 7.Qc2 O-O 8.O-O Ne4
9.Nc3 f5 10.Rab1 Nd7 11.b4 Nb6 12.c5 Nc4 13.Bc1 Bd7 14.Nxe4 fxe4 15.Nd2 Nxd2
16.Bxd2 Bf6 17.Qc3 g5 18.f3 exf3 19.Bxf3 Qe7 20.e4 dxe4 21.Bxe4 Qg7 22.Be3 Rad8
23.b5 Be8 24.bxc6 Bxc6 25.Bxc6 bxc6 26.Rb4 Rd5 27.Qb3 Qg6 28.Rb8 Rxb8 29.Qxb8+ Rd8
30.Qc7 Qe4 31.Rxf6 Qxe3+ 32.Kg2 Qe4+ 33.Kh3 Rf8 34.Rxf8+ Kxf8 35.Qd8+ Kf7
36.Qxg5 Qxd4 37.Qh5+ Kf6 38.Qf3+ Kg5 39.Qxc6 Qg4+ 40.Kg2 Qe2+ 41.Kg1 Qe1+  1/2-1/2

[Event "FRA"]
[Site "FRA"]
[Date "1993.??.??"]
[Round "?"]
[White "Rocher, Oliver"]
[Black "Lecuyer, Christian"]
[Result "1/2-1/2"]
[WhiteElo "2195"]
[BlackElo "2265"]

1.d4 Nf6 2.c4 e6 3.g3 Bb4+ 4.Nc3 c5 5.Nf3 O-O 6.Bd2 cxd4 7.Nxd4 Nc6 8.Nxc6 bxc6
9.Bg2 d5 10.cxd5 cxd5 11.O-O a5 12.a3 Be7 13.Rb1 Rb8 14.Bf4 Bd6 15.Bxd6 Qxd6
16.Qa4 Bd7 17.Qxa5 Ra8 18.Qb4 Qxb4 19.axb4 Rab8 20.Na2 Bb5 21.Bf3 e5 22.Nc3 e4
23.Bg2 d4 24.Nxb5 Rxb5 25.Rfd1 Rxb4 26.Rd2 Rfb8 27.Rbd1 g6 28.Rxd4 Rxd4 29.Rxd4 Rxb2
30.Bxe4 Rxe2  1/2-1/2

[Event "Arnold Cup"]
[Site "Gausdal"]
[Date "1993.??.??"]
[Round "2"]
[White "Scholseth, Tor Kristian"]
[Black "Skembris, Spyridon"]
[Result "0-1"]
[WhiteElo "2290"]
[BlackElo "2560"]

1.d4 Nf6 2.c4 e6 3.g3 Bb4+ 4.Bd2 Be7 5.Bg2 d5 6.Nf3 O-O 7.Qc2 Nbd7 8.O-O c6
9.Bf4 Nh5 10.Bc1 b5 11.Ne5 Nxe5 12.dxe5 f5 13.cxd5 cxd5 14.Nd2 Bd7 15.Nf3 Rc8
16.Qd3 g5 17.Be3 a6 18.Rac1 f4 19.Rxc8 Qxc8 20.Rc1 Qb8 21.Bc5 Rc8 22.g4 Ng7
23.b4 Be8 24.Rc3 Bg6 25.Qd2 Bd8 26.Bd6 Qb7 27.Qc1 Rxc3 28.Qxc3 Ne8 29.Nd4 Kf7
30.Nb3 Nxd6 31.exd6 Qb6 32.Qc5 Ke8 33.Qc8 Qxd6 34.Nc5 Ke7 35.Nxa6 Bb6 36.Nc5 Bxc5
37.bxc5 Qd7 38.Qa6 Be8 39.a3 h6 40.h3  0-1

[Event "BL2-W9293"]
[Site "Germany"]
[Date "1993.??.??"]
[Round "?"]
[White "Pieper Emden, Carsten"]
[Black "Libeau, Rene"]
[Result "0-1"]
[WhiteElo "2375"]
[BlackElo "2425"]

1.d4 Nf6 2.c4 e6 3.g3 Bb4+ 4.Nd2 c5 5.Nf3 Nc6 6.dxc5 Bxc5 7.Nb3 Bb6 8.Bg2 d5
9.cxd5 exd5 10.O-O O-O 11.Bg5 h6 12.Bxf6 Qxf6 13.Qd2 Bg4 14.Rac1 Rfe8 15.h3 Bf5
16.Kh2 Rad8 17.e3 Be4 18.Nbd4 Bxf3 19.Nxf3 d4 20.exd4 Nxd4 21.Nxd4 Rxd4 22.Qc2 Red8
23.Rce1 Qd6 24.Re2 Rd2 25.Qe4 g6 26.a4 Qd3 27.Rxd2 Qxd2 28.Qxb7 Rd3 29.Qe4 Rd6
30.b4 Rf6 31.f4 Re6 32.Qa8+ Kg7 33.f5 Rf6 34.a5 Bf2 35.g4 gxf5 36.Qf3 fxg4
37.Qxg4+ Rg6 38.Qf3 Rf6 39.Rxf2 Qxf2 40.Qg4+ Rg6 41.Qe4 Qg3+ 42.Kh1 Rd6  0-1

[Event "BL2-W9293"]
[Site "Germany"]
[Date "1993.??.??"]
[Round "?"]
[White "Schoebel, Wolfgang"]
[Black "Wiemer, Ralf"]
[Result "1/2-1/2"]
[WhiteElo "2210"]
[BlackElo "2300"]

1.d4 Nf6 2.c4 e6 3.g3 Bb4+ 4.Bd2 Qe7 5.Bg2 O-O 6.Qc2 Nc6 7.Nf3 d5 8.O-O Rd8
9.Bg5 dxc4 10.Qxc4 h6 11.Bxf6 Qxf6 12.Nc3 Bxc3 13.Qxc3 Nxd4 14.Nxd4 Qxd4
15.Qxc7 Rd7  1/2-1/2

[Event "GER-ch int U20"]
[Site "Hamburg"]
[Date "1993.??.??"]
[Round "?"]
[White "Lauridsen, Jesper Morck"]
[Black "Racherbaeumer, Marcel"]
[Result "0-1"]
[WhiteElo "2205"]
[BlackElo "2230"]

1.d4 Nf6 2.c4 e6 3.g3 Bb4+ 4.Bd2 Qe7 5.Bg2 Nc6 6.Nf3 Bxd2+ 7.Nbxd2 d6 8.e4 e5
9.d5 Nb8 10.O-O O-O 11.Ne1 a5 12.Nd3 Na6 13.f4 Nd7 14.Qh5 Ndc5 15.Nxc5 Nxc5
16.f5 f6 17.Rf3 Bd7 18.g4 Rab8 19.Bf1 b5 20.cxb5 Bxb5 21.Bxb5 Rxb5 22.b3 Rb4
23.Re1 a4 24.Qh3 axb3 25.axb3 Ra8 26.Rff1 Rd4 27.Ra1 Rb8 28.Qe3 Qe8 29.Ra7 Ra8
30.Rfa1 Rxa7 31.Rxa7 Qb8 32.Ra1 h6 33.h4 Rd3 34.Qe2 Qb5 35.g5 Rg3+ 36.Kh1 Qxe2
37.Ra8+ Kf7  0-1

[Event "Hamburg-ch"]
[Site "Hamburg"]
[Date "1993.??.??"]
[Round "?"]
[White "Nogly, Christoph"]
[Black "Jantzen, Hans Joerg"]
[Result "1-0"]
[WhiteElo "2240"]
[BlackElo "2295"]

1.d4 Nf6 2.c4 e6 3.g3 Bb4+ 4.Nd2 c5 5.dxc5 Nc6 6.Bg2 a5 7.Nf3 O-O 8.O-O a4
9.Nb1 Ne4 10.Bf4 Bxc5 11.Ne5 f5 12.Bxe4 fxe4 13.Nc3 e3 14.f3 Rxf4 15.gxf4 Nxe5
16.fxe5 Qg5+ 17.Kh1 Qxe5 18.Qd3 Ra6 19.Rad1 a3 20.b3 Rd6 21.Qc2 Rxd1 22.Nxd1 b6
23.Qe4 Qxe4 24.fxe4 Bb7 25.Nc3 Bd4 26.Rc1 Bxc3 27.Rxc3 Bxe4+ 28.Kg1 Bb1 29.b4 Bxa2
30.c5 bxc5 31.Rxc5 Bd5 32.Ra5 a2 33.b5 Kf7 34.b6 Ke7 35.Rxa2 Kd8 36.Ra7 Bc6
37.Ra3 Kc8 38.Rxe3 Kb7 39.Rb3 g5 40.Kf2 Bd5 41.Rb4 d6 42.e4 Bc6 43.Kf3 h5
44.Ke3 d5 45.e5 g4 46.Kd4 h4 47.Kc5 d4 48.Rxd4 Bf3 49.Rd7+ Kb8 50.Rg7 g3
51.hxg3 hxg3 52.Rxg3 Bd5 53.Rg7 Ka8 54.Rd7 Bf3 55.Rd6 Bg4 56.Kc6 Bf3+ 57.Kc7  1-0

[Event "Harkany op"]
[Site "Harkany"]
[Date "1993.??.??"]
[Round "3"]
[White "Gyorkos, Lajos"]
[Black "Torok, Jozsef"]
[Result "0-1"]
[WhiteElo "2435"]
[BlackElo "2290"]

1.d4 Nf6 2.c4 e6 3.g3 Bb4+ 4.Bd2 Qe7 5.Bg2 Nc6 6.Nf3 Bxd2+ 7.Nbxd2 O-O 8.O-O d6
9.e4 a5 10.d5 Nb8 11.Qc2 e5 12.b3 Na6 13.a3 c6 14.dxc6 bxc6 15.Nh4 g6 16.Rae1 Nc5
17.f4 Ne6 18.c5 exf4 19.Nf5 Qa7 20.Nxd6 Ba6 21.Rxf4 Nd7 22.b4 Ne5 23.Re3 Rfd8
24.Nf5 axb4 25.Nh6+ Kg7 26.Qb2 Qxc5 27.Rxf7+ Kxh6  0-1

[Event "HUN-chT2"]
[Site "HUN"]
[Date "1993.??.??"]
[Round "?"]
[White "Balazs, Imre"]
[Black "Palko, Gabriella"]
[Result "1-0"]
[WhiteElo "2205"]
[BlackElo "2055"]

1.d4 Nf6 2.c4 e6 3.g3 Bb4+ 4.Bd2 Bxd2+ 5.Nxd2 O-O 6.Bg2 d6 7.Ngf3 Qe7 8.O-O e5
9.e4 Bg4 10.Qc2 Nc6 11.d5 Nb8 12.h3 Bd7 13.Ne1 Na6 14.a3 c6 15.dxc6 Bxc6
16.Nd3 Rac8 17.b4 b5 18.Rac1 Qd7 19.c5 Rfd8 20.Rfd1 Qe6 21.Qb2 dxc5 22.Nxe5 Be8
23.Nf1 c4 24.Qc3 Nb8 25.Ne3 h6 26.Nf5 Nc6 27.Ng4 Nh5 28.Nge3 Kh7 29.Nd5 Qe5
30.Qc2 g6 31.f4 Qe6 32.Qc3 gxf5 33.exf5 Qxf5 34.g4 Rxd5 35.gxf5 Rxf5 36.Be4  1-0

[Event "HUN-chT2"]
[Site "HUN"]
[Date "1993.??.??"]
[Round "?"]
[White "Seres, Lajos"]
[Black "Doery, Jeno"]
[Result "1-0"]
[WhiteElo "2280"]
[BlackElo "2330"]

1.d4 Nf6 2.c4 e6 3.g3 Bb4+ 4.Bd2 Be7 5.Bg2 d5 6.Nf3 c6 7.Qc2 b6 8.O-O O-O
9.Ne5 Bb7 10.Nc3 dxc4 11.Be3 Nd5 12.Nxc4 Nd7 13.Ne4 Ba6 14.Rac1 Rc8 15.Qb3 Bxc4
16.Rxc4 c5 17.Rfc1 Nxe3 18.Qxe3 b5 19.R4c2 c4 20.a4 bxa4 21.Rxc4 Rxc4 22.Rxc4 Nb6
23.Rc6 Qd7 24.Qc3 Nd5 25.Qc4 Nb6 26.Qd3 Rd8 27.e3 Rc8 28.Rxc8+ Qxc8 29.Qb5 Qd7
30.Qa5 g6 31.Nc5 Qc7 32.Bf3 Kg7 33.Kg2 Bxc5 34.Qxc5 Qd7 35.Bc6 Qc7 36.e4 Nd7
37.Qb5 Nb6 38.Qc5 Nd7 39.Qc3 Nb8 40.Bxa4 Qb7  1-0

[Event "HUN-ch"]
[Site "HUN"]
[Date "1993.??.??"]
[Round "6"]
[White "Horvath, Jozsef"]
[Black "Petran, Pal"]
[Result "1-0"]
[WhiteElo "2545"]
[BlackElo "2440"]

1.d4 Nf6 2.c4 e6 3.g3 Bb4+ 4.Bd2 Be7 5.Bg2 d5 6.Nf3 c6 7.Qc2 b6 8.O-O Bb7
9.Ne5 O-O 10.Bf4 c5 11.dxc5 bxc5 12.Nc3 Qb6 13.Qb3 Rd8 14.Rfd1 Ne4 15.cxd5 Qxb3
16.axb3 Nxc3 17.bxc3 Bxd5 18.Nc4 Nc6 19.Bc7 Rdc8 20.Bd6 Bxg2 21.Kxg2 Bxd6
22.Rxd6 Rab8 23.Ra6 Nd8 24.Rxa7 Rxb3 25.Nb6 Rb8 26.Rad7  1-0

[Event "Illinois op2"]
[Site "Illinois"]
[Date "1993.??.??"]
[Round "4"]
[White "Gurevich, Dmitry"]
[Black "Umezinwa, George"]
[Result "1-0"]
[WhiteElo "2495"]
[BlackElo "2325"]

1.d4 Nf6 2.c4 e6 3.g3 Bb4+ 4.Bd2 Be7 5.Bg2 d5 6.Nf3 dxc4 7.Qa4+ Nbd7 8.O-O O-O
9.Qxc4 c5 10.dxc5 Bxc5 11.Nc3 a6 12.b4 Be7 13.Qb3 Nb6 14.Rfd1 Nbd5 15.Be1 Qe8
16.Nxd5 exd5 17.Nd4 Bd7 18.a4 Rd8 19.e3 Bd6 20.b5 axb5 21.Nxb5 Be5 22.Nd4 Bc8
23.Bb4 Bd6 24.Ba5 Rd7 25.Rac1 Qe5 26.Nb5 Bb8 27.Bc3 Qf5 28.Bxf6 Qxf6 29.Bxd5 Re7
30.Nc3 h5 31.Bg2 h4 32.Nd5  1-0

[Event "Katowice op"]
[Site "Katowice"]
[Date "1993.??.??"]
[Round "7"]
[White "Urban, Klaudiusz"]
[Black "Aslanian, Ludmila K"]
[Result "1-0"]
[WhiteElo "2450"]
[BlackElo "2230"]

1.d4 Nf6 2.c4 e6 3.g3 Bb4+ 4.Bd2 Bxd2+ 5.Qxd2 O-O 6.Bg2 d5 7.Nf3 Qe7 8.O-O Rd8
9.Qc2 Nbd7 10.cxd5 Nxd5 11.e4 N5f6 12.Rd1 c6 13.Nc3 b6 14.e5 Ne8 15.a4 a5
16.h4 h6 17.Nd2 Bb7 18.Nc4 Rab8 19.Rd2 Nc7 20.Nd6 Nd5 21.Nxd5 cxd5 22.Bf1 Nf8
23.Rc1 Ra8 24.Qc7 Qxc7 25.Rxc7 Ba6 26.Bxa6 Rxa6 27.Nxf7 Rd7 28.Rxd7 Nxd7
29.Nd6 Ra8 30.Rc2 Kf8 31.Rc7 Ke7 32.Nc8+ Ke8 33.Rc6 Kd8 34.Nxb6 Rb8 35.Nxd7 Kxd7
36.Ra6 Rxb2 37.Rxa5 g5 38.Ra7+ Ke8 39.a5 gxh4 40.gxh4 Rb4 41.a6 Ra4 42.Kg2 Kf8
43.Kg3 Kg8 44.f4 h5 45.f5 exf5 46.Kf4 Rxd4+ 47.Kxf5 Ra4 48.e6 Kf8 49.Rf7+ Ke8
50.a7  1-0

[Event "Las Vegas op"]
[Site "Las Vegas"]
[Date "1993.??.??"]
[Round "6"]
[White "Korsunsky, Yuri"]
[Black "Gulko, Boris F"]
[Result "0-1"]
[WhiteElo "2425"]
[BlackElo "2625"]

1.d4 Nf6 2.c4 e6 3.g3 Bb4+ 4.Bd2 Bxd2+ 5.Qxd2 O-O 6.Nc3 d6 7.Nf3 Nc6 8.Bg2 e5
9.h3 Bf5 10.d5 Ne7 11.O-O Ne4 12.Qe3 Nxc3 13.Qxc3 h6 14.Nd2 Bd7 15.e3 c6
16.dxc6 Bxc6 17.Bxc6 Nxc6 18.b4 d5 19.b5 d4 20.Qb2 Ne7 21.exd4 exd4 22.Nf3 d3
23.Rfd1 Qc8 24.Qa3 Ng6 25.Kg2 Rd8 26.Rac1 a6 27.Qb3 axb5 28.cxb5 Qe6 29.Rxd3 Rxd3
30.Qxd3 Rxa2 31.Qd4 Qe2 32.Rc8+ Kh7 33.Rc7 f6 34.Rxb7 Ne5 35.Nh4  0-1

[Event "Manresa op"]
[Site "Manresa"]
[Date "1993.??.??"]
[Round "4"]
[White "Marin, Mihail"]
[Black "Ivanov, Alexey"]
[Result "1/2-1/2"]
[WhiteElo "2515"]
[BlackElo "2505"]

1.d4 Nf6 2.c4 e6 3.g3 Bb4+ 4.Bd2 Qe7 5.Nf3 Nc6 6.Nc3 Bxc3 7.Bxc3 Ne4 8.Rc1 d6
9.Bg2 Nxc3 10.Rxc3 e5 11.d5 Nb8 12.c5 O-O 13.Nd2 Na6 14.c6 bxc6 15.dxc6 Rb8
16.b3 Nc5 17.Nc4 Be6 18.O-O Rb5 19.Qc2 Rfb8 20.Ne3 a5 21.Nd5 Bxd5 22.Bxd5 Na6
23.Qd2 Nb4 24.Bg2 Qe6 25.Rd1 e4 26.Rc4 d5 27.Rcc1 h6 28.h4 Rd8 29.Kh2 Nxc6
30.Qf4 Rd6 31.Bxe4 Qxe4 32.Qxe4 dxe4 33.Rxd6 cxd6 34.Rxc6 a4 35.Rxd6  1/2-1/2

[Event "Martinez Valle op2"]
[Site "Martinez Valle"]
[Date "1993.??.??"]
[Round "1"]
[White "Quinteros, Miguel A"]
[Black "Facino, E."]
[Result "1-0"]
[WhiteElo "2505"]
[BlackElo "1910"]

1.c4 Nf6 2.d4 e6 3.g3 Bb4+ 4.Bd2 Bxd2+ 5.Qxd2 d5 6.Bg2 O-O 7.Nf3 Nbd7 8.O-O Ne4
9.Qc2 Ndf6 10.Nc3 Re8 11.Rac1 c6 12.Ne5 Nd6 13.b3 Bd7 14.Rcd1 Rc8 15.c5 Nb5
16.Na4 Qa5 17.g4 Red8 18.g5 Ne8 19.f4 g6 20.Ng4 f5 21.gxf6 Kf7 22.Ne5+ Kxf6
23.e4 Ng7 24.Qf2  1-0

[Event "Minsk-C"]
[Site "Minsk"]
[Date "1993.??.??"]
[Round "9"]
[White "Eriksson, Johan"]
[Black "Yuferov, Sergey  N"]
[Result "0-1"]
[WhiteElo "2200"]
[BlackElo "2415"]

1.c4 e6 2.d4 Nf6 3.g3 Bb4+ 4.Bd2 a5 5.Bg2 O-O 6.a3 Be7 7.Nc3 d5 8.Nf3 c6
9.Bf4 Nbd7 10.cxd5 exd5 11.O-O Nb6 12.Ne5 Bf5 13.b3 h6 14.Qc1 Bd6 15.Nd3 Bxd3
16.exd3 Re8 17.Qd2 Qc7 18.Bxd6 Qxd6 19.Rfe1 Kf8 20.Rxe8+ Nxe8 21.f4 Qf6 22.Qf2 Nd6
23.Re1 Re8 24.Re5 Qd8 25.Bh3 f6 26.Rxe8+ Qxe8 27.Kg2 Qe7 28.Ne2 Nf7 29.f5 Qxa3
30.Nf4 Nc8 31.Ng6+ Ke8 32.Qe2+ Ne7 33.Bg4 Nd8 34.Bh5 Kd7 35.Nf8+ Kc7 36.Qg4 Nxf5
37.Qxf5 Qxf8 38.Bg4 Qe7 39.Kf2 Kb6 40.h4 Nf7  0-1

[Event "Munich op9293"]
[Site "Munich"]
[Date "1993.??.??"]
[Round "9"]
[White "Kabatianski, Alexandr"]
[Black "Pezerovic, Edin"]
[Result "1-0"]
[WhiteElo "2275"]
[BlackElo "2435"]

1.d4 Nf6 2.c4 e6 3.g3 Bb4+ 4.Bd2 Qe7 5.Nf3 Bxd2+ 6.Qxd2 O-O 7.Nc3 b6 8.Bg2 Bb7
9.O-O Ne4 10.Nxe4 Bxe4 11.Qf4 d5 12.Rac1 Na6 13.cxd5 Bxd5 14.Ne5 Bxg2 15.Kxg2 c5
16.dxc5 bxc5 17.Nd3 Rfd8 18.Rc4 Qb7+ 19.Qf3 Qb6 20.Rfc1 h6 21.a3 Rab8 22.R1c2 Rd4
23.Rxd4 cxd4 24.Ne5 Qb7 25.Nc6 Rf8 26.Nxd4 Qb6 27.e3 Nb8 28.b4 Nd7 29.Qc6 Qd8
30.a4 Nf6 31.b5 e5 32.Nf3 Re8 33.Qc4 Qa5 34.h3 Qd8 35.Qb4 Qd1 36.Rd2 Qc1
37.a5 Qc7 38.b6 Qb7 39.Rb2 axb6 40.Qxb6 Qa8 41.a6 Ne4 42.a7 Kh7 43.Qb8  1-0

[Event "New York Marshall"]
[Site "New York"]
[Date "1993.??.??"]
[Round "?"]
[White "Korsunsky, Yuri"]
[Black "Ginsburg, Mark"]
[Result "1-0"]
[WhiteElo "2425"]
[BlackElo "2405"]

1.d4 Nf6 2.c4 e6 3.g3 Bb4+ 4.Bd2 a5 5.Bg2 d6 6.Nf3 Nbd7 7.O-O e5 8.Bg5 exd4
9.Nxd4 O-O 10.a3 Bc5 11.b3 h6 12.Bc1 c6 13.Bb2  1-0

[Event "New York op"]
[Site "New York"]
[Date "1993.??.??"]
[Round "6"]
[White "Gurevich, Dmitry"]
[Black "Chow, Albert"]
[Result "1-0"]
[WhiteElo "2495"]
[BlackElo "2270"]

1.d4 Nf6 2.c4 e6 3.g3 Bb4+ 4.Nd2 c5 5.dxc5 O-O 6.Bg2 Bxc5 7.Ngf3 d5 8.O-O Nc6
9.Qc2 Bb6 10.a3 Bd7 11.b4 Rc8 12.c5 Bc7 13.Bb2 Qe7 14.e4 dxe4 15.Nxe4 Nxe4
16.Qxe4 a6 17.Rfe1 b6 18.Nd4 Bd8 19.Qd3 Nb8 20.Nf5 Qg5 21.Nd6 bxc5 22.Nxc8 Bxc8
23.Re5 Qe7 24.Rxc5 Bb6  1-0

[Event "New York ACC"]
[Site "New York"]
[Date "1993.??.??"]
[Round "10"]
[White "Shapiro, Daniel E"]
[Black "Moskow, Eric"]
[Result "1-0"]
[WhiteElo "2320"]
[BlackElo "2235"]

1.d4 Nf6 2.c4 e6 3.g3 Bb4+ 4.Nd2 Nc6 5.Nf3 O-O 6.Bg2 Ne4 7.a3 Bxd2+ 8.Nxd2 Nxd2
9.Qxd2 d6 10.d5 Nb8 11.dxe6 fxe6 12.O-O a5 13.b3 Nd7 14.Bb2 Nc5 15.Rad1 Qe7
16.b4 Na4 17.Bd4 axb4 18.axb4 c5 19.Be3 cxb4 20.Qxb4 Ra6 21.Rd2 Nc5 22.Rfd1 Qc7
23.h4 Ra4 24.Qb1 Rd8 25.h5 Rxc4 26.Qb5 Na4 27.Rxd6 Rf8 28.Qg5 Nc3 29.Bb6 Qf7
30.R1d2 h6 31.Qg6 Qxg6 32.hxg6 Ne4 33.Bxe4 Rxe4 34.Rd8 Rc4 35.f4 e5 36.fxe5 Bf5
37.R2d6 Rc6 38.Rxc6 Rxd8 39.Rc7 Bxg6 40.e3 Bf7 41.Rxf7  1-0

[Event "Nis op"]
[Site "Nis"]
[Date "1993.??.??"]
[Round "?"]
[White "Stamenkovic, Zoran"]
[Black "Jakovljevic, Vlado"]
[Result "1-0"]
[WhiteElo "2425"]
[BlackElo "2290"]

1.d4 Nf6 2.c4 e6 3.g3 Bb4+ 4.Bd2 Be7 5.Bg2 d5 6.Nf3 O-O 7.O-O c6 8.Bc3 b6
9.Nbd2 Bb7 10.Re1 c5 11.dxc5 Bxc5 12.Ne5 Qe7 13.e3 Rd8 14.Qf3 Nbd7 15.Rac1 Rac8
16.Nxd7 Rxd7 17.Bxf6 gxf6 18.Qh5 Bb4 19.Red1 b5 20.b3 bxc4 21.bxc4 Ba6 22.Bf1 Bxd2
23.Rxd2 dxc4 24.Rxd7 Qxd7 25.Rd1 Qc6 26.Rd4 Bb7 27.Rg4+ Kf8 28.e4 c3 29.Qxh7 Ke7
30.Qh6 c2 31.Qc1 Qb6 32.e5 Qb1 33.Qa3+ Kd7 34.Qd6+  1-0

[Event "Oviedo rapid"]
[Site "Oviedo"]
[Date "1993.??.??"]
[Round "3"]
[White "Kachiani Gersinska, Ketino"]
[Black "Petursson, Margeir"]
[Result "0-1"]
[WhiteElo "2410"]
[BlackElo "2560"]

1.d4 Nf6 2.c4 e6 3.g3 Bb4+ 4.Bd2 c5 5.Bxb4 cxb4 6.Bg2 O-O 7.Nf3 d6 8.Nbd2 a5
9.O-O Re8 10.Qb3 Na6 11.e4 e5 12.Qe3 h6 13.h3 Bd7 14.Rfd1 Rc8 15.Rac1 b6
16.Nh4 Qc7 17.Nf1 Nb8 18.d5 Na6 19.g4 Qd8 20.Nf3 Nc5 21.Ng3 Nh7 22.Bf1 Qf6
23.Nh5 Qe7 24.Ng3 Ng5 25.Ne1 g6 26.f3 Kg7 27.h4 Nh7 28.Ng2  0-1

[Event "Pardubice op"]
[Site "Pardubice"]
[Date "1993.??.??"]
[Round "4"]
[White "Grabuzov, S."]
[Black "Hracek, Zbynek"]
[Result "0-1"]
[WhiteElo "2370"]
[BlackElo "2510"]

1.d4 Nf6 2.c4 e6 3.g3 Bb4+ 4.Bd2 Qe7 5.Bg2 Nc6 6.Nf3 Bxd2+ 7.Nbxd2 d6 8.O-O O-O
9.e4 e5 10.d5 Nb8 11.c5 dxc5 12.Nc4 Nbd7 13.Nh4 g6 14.Na5 Ne8 15.Qd2 Nb8
16.f4 exf4 17.Qxf4 f6 18.Rae1 Nd7 19.Bh3 Ne5 20.Bxc8 Rxc8 21.Nxb7 Rb8 22.Na5 Rxb2
23.Nc6 Nxc6 24.dxc6 c4 25.Ng2 Qc5+ 26.Ne3 Qxc6 27.Nd5 Qc5+ 28.Kh1 Rxa2 29.Rb1 c6
30.Ne3 Qe7 31.Nxc4 Qe6 32.Rfc1 Nd6 33.Nd2 Re8 34.Ra1 Rxa1 35.Rxa1 g5 36.Qf3 Nxe4
37.Nxe4 Qxe4 38.Qxe4 Rxe4 39.Rxa7 g4 40.h3 h5 41.hxg4 hxg4 42.Rc7 Rc4 43.Kg2 Rc3
44.Kf2 Kf8 45.Kg2 Ke8 46.Kf2 Kd8 47.Rg7 f5 48.Rf7 Rf3+ 49.Kg2 c5  0-1

[Event "Pardubice op"]
[Site "Pardubice"]
[Date "1993.??.??"]
[Round "6"]
[White "Razuvaev, Yuri S"]
[Black "Nikolenko, Oleg"]
[Result "1-0"]
[WhiteElo "2560"]
[BlackElo "2475"]

1.d4 Nf6 2.c4 e6 3.g3 Bb4+ 4.Bd2 Be7 5.Bg2 d5 6.Nf3 O-O 7.O-O c6 8.Qc2 b6
9.Bf4 Ba6 10.Ne5 Nfd7 11.cxd5 cxd5 12.Rd1 Nxe5 13.dxe5 Bb7 14.Nc3 Nc6 15.h4 h6
16.e4 d4 17.Qe2 Qb8 18.Nb5 Rd8 19.Qg4 Kf8 20.Rac1 a6 21.Nd6 Bxd6 22.exd6 e5
23.Rxc6 Bxc6 24.Bxe5 f6 25.Bf4 Qc8 26.Qf3 Qe6 27.Rxd4 Qxa2 28.Qc3 Bb5 29.e5 Rac8
30.Qe3 fxe5 31.Bxe5 Rd7 32.Bd5 Qb1+ 33.Kh2 Rf7 34.Rf4  1-0

[Event "Pardubice op"]
[Site "Pardubice"]
[Date "1993.??.??"]
[Round "8"]
[White "Grabuzov, S."]
[Black "Znamenacek, Kvetoslav"]
[Result "1/2-1/2"]
[WhiteElo "2370"]
[BlackElo "2275"]

1.d4 Nf6 2.c4 e6 3.g3 Bb4+ 4.Bd2 Qe7 5.Bg2 Nc6 6.Nf3 Bxd2+ 7.Nbxd2 d6 8.O-O O-O
9.e4 e5 10.d5 Nb8 11.Ne1 a5 12.Nd3 Nbd7 13.Qc2 Nc5 14.Rae1 Nfd7 15.f4 Nxd3
16.Qxd3 Nc5 17.Qe3 Rb8 18.b3 f6 19.a4 c6 20.fxe5 Qxe5 21.Nf3 Qe7 22.Nd4 Bd7
23.e5 fxe5 24.dxc6 bxc6 25.Bxc6 Rxf1+ 26.Rxf1 Rf8 27.Bd5+ Kh8 28.Bg2 Rxf1+
29.Bxf1 g6 30.Bg2 Kg7 31.Nb5 Bf5 32.Qc3 Qd8 33.h3 Qb6 34.Kh2 h5 35.Qe3 Qd8
36.Bf3 Kh7 37.Bd1 Be4 38.Nc3 Bc6 39.Bf3 e4 40.Bg2 Qf6 41.Ne2 Qe5 42.h4 Qb2
43.Qg5 Qxe2 44.Qe7+ Kh6 45.Qf8+ Kh7 46.Qxd6 Nxb3 47.Qxc6 Nd2 48.Qc7+  1/2-1/2

[Event "Pardubice"]
[Site "Pardubice"]
[Date "1993.??.??"]
[Round "9"]
[White "Stohl, Igor"]
[Black "Vyzmanavin, Alexey"]
[Result "1/2-1/2"]
[WhiteElo "2545"]
[BlackElo "2605"]

1.d4 Nf6 2.c4 e6 3.g3 Bb4+ 4.Bd2 c5 5.Bg2 O-O 6.Nf3 Qb6 7.Qb3 d6 8.O-O Bxd2
9.Nbxd2 Nc6 10.dxc5 dxc5 11.Rfd1 h6 12.Qc3 Qc7 13.Qe3 b6  1/2-1/2

[Event "Porz op29"]
[Site "Porz"]
[Date "1993.??.??"]
[Round "9"]
[White "Winkler, Thorsten"]
[Black "Wuts, Helene"]
[Result "0-1"]
[WhiteElo "1875"]
[BlackElo "1890"]

1.d4 Nf6 2.c4 e6 3.g3 Bb4+ 4.Bd2 Qe7 5.Bg2 Bxd2+ 6.Qxd2 a5 7.Nf3 O-O 8.O-O d6
9.Nc3 Nc6 10.Rfd1 Re8 11.Rac1 Nd7 12.b3 h6 13.Qb2 Nb6 14.Nb5 Na7 15.Nxa7 Rxa7
16.Rd2 Bd7 17.c5 Nd5 18.a3 Bc6 19.Rdc2 Nf6 20.cxd6 cxd6 21.Nd2 Bxg2 22.Kxg2 b5
23.Rc6 Qb7 24.f3 Ra6 25.Qc2 Nd5 26.Kf2 Qa7 27.e3 b4 28.Rc8 Rxc8 29.Qxc8+ Kh7
30.Qc2+ Kg8 31.Nb1 a4 32.Qc8+ Kh7 33.Qc2+ g6 34.axb4 Nxb4 35.Qd1 a3 36.Nc3 Rc6
37.Qd2 Qc7 38.Nb5 Rxc1  0-1

[Event "Ramat Hasharon"]
[Site "Ramat Hasharon"]
[Date "1993.??.??"]
[Round "5"]
[White "Ben Menachem, Itzhak"]
[Black "Shabtai, Ran"]
[Result "1-0"]
[WhiteElo "2315"]
[BlackElo "2370"]

1.d4 Nf6 2.c4 e6 3.g3 Bb4+ 4.Bd2 a5 5.Bg2 d6 6.Nf3 Nbd7 7.O-O e5 8.Nc3 exd4
9.Nxd4 O-O 10.Nd5 Bxd2 11.Qxd2 Nc5 12.Nb5 Nxd5 13.cxd5 Bd7 14.Nd4 Re8 15.Qc2 Qf6
16.Rad1 Bg4 17.f3 Bh5 18.e4 Bg6 19.b3 h5 20.Qd2 h4 21.Qf4 Qxf4 22.gxf4 f5
23.exf5 Bf7 24.Ne6 Bxe6 25.fxe6 Rf8 26.Rd4 c6 27.Bh3 cxd5 28.f5 g6 29.fxg6 Rf6
30.Re1 Rxg6+ 31.Kf2 Rf8 32.Rxd5 Rgf6 33.Rg1+ Kh7 34.Rh5+ Rh6 35.e7  1-0

[Event "St Petersburg op"]
[Site "St Petersburg"]
[Date "1993.??.??"]
[Round "?"]
[White "Zilberstein, Valery I"]
[Black "Kulish, Irina"]
[Result "1-0"]
[WhiteElo "2270"]
[BlackElo "2225"]

1.d4 Nf6 2.c4 e6 3.g3 Bb4+ 4.Bd2 Be7 5.Bg2 d5 6.Nf3 c6 7.O-O Nbd7 8.Qb3 b6
9.Rc1 Bb7 10.cxd5 cxd5 11.Bb4 O-O 12.Nc3 a6 13.e3 Rc8 14.Ne1 Bxb4 15.Qxb4 Rc4
16.Qb3 b5 17.Bf1 Rc7 18.a4 bxa4 19.Rxa4 Nb8 20.Nd3 Ne4 21.Nxe4 dxe4 22.Rxc7 Qxc7
23.Nc5 Bd5 24.Qc3 Rc8 25.b4 Qb6 26.Qa3 Bb7 27.Nxb7 Qxb7 28.Bxa6 Nxa6 29.Rxa6 h6
30.Ra5 Rb8 31.b5 Qd5 32.Qa4 Rb6 33.h4 Qh5 34.Qc2 Rxb5 35.Rxb5 Qxb5 36.Qxe4 g6
37.Qf4 h5 38.Qf6 Qb1+  1-0

[Event "Rilton Cup op9394"]
[Site "Stockholm"]
[Date "1993.??.??"]
[Round "2"]
[White "Solin, Niclas"]
[Black "Taimanov, Mark E"]
[Result "0-1"]
[WhiteElo "2265"]
[BlackElo "2500"]

1.d4 Nf6 2.c4 e6 3.g3 Bb4+ 4.Bd2 a5 5.Nf3 d5 6.Bg2 Nc6 7.Qc2 dxc4 8.Qxc4 Qd5
9.Qxd5 exd5 10.O-O Bg4 11.Bxb4 axb4 12.Nbd2 Ne4 13.e3 Bxf3 14.Nxf3 f6 15.Rfc1 Kd7
16.Ne1 Ra5 17.Nd3 b6 18.b3 Nc3 19.Rc2 Ra3 20.Nxb4 Nxb4 21.Rxc3 Rha8 22.Bf3 Nxa2
23.Rc2 Nb4 24.Rxa3 Rxa3 25.Rc3 Kd6 26.Kg2 Ra2 27.e4 Nc2 28.exd5 Ne1+ 29.Kf1 Nxf3
30.Rxf3 Kxd5 31.Rc3 c6 32.Rd3 Rc2 33.h4 h5 34.Kg2 Ke4 35.Re3+ Kxd4 36.Re7 Kc3
37.Rxg7 Kxb3 38.Rh7 Rc5 39.g4 hxg4 40.h5 b5 41.Kg3 Rf5 42.h6 Rf3+ 43.Kxg4 Rxf2
44.Rc7 Rh2 45.h7 b4 46.Kf5 c5 47.Rxc5 Rxh7  0-1

[Event "SWE-chT 9394"]
[Site "SWE"]
[Date "1993.??.??"]
[Round "2"]
[White "Hellborg, Teodor"]
[Black "Kinnmark, Ove"]
[Result "1-0"]
[WhiteElo "2240"]
[BlackElo "2365"]

1.d4 Nf6 2.c4 e6 3.g3 Bb4+ 4.Bd2 Bxd2+ 5.Qxd2 d6 6.Nc3 Nbd7 7.Bg2 O-O 8.Nf3 e5
9.O-O Qe7 10.e4 Re8 11.Rae1 a5 12.b3 b6 13.Nh4 g6 14.f4 Bb7 15.Nd5 Bxd5 16.exd5 e4
17.Re3 a4 18.b4 b5 19.c5 Qf8 20.Ree1 Qg7 21.g4 Nxg4 22.Bxe4 Qh6 23.Nf3 Ngf6
24.Bd3 Rxe1 25.Rxe1 Nxd5 26.Bxb5 N7f6 27.Bc4 Nxf4 28.Re7 d5 29.Bf1 Ne4 30.Qe1 Qh5
31.Rxe4 dxe4 32.Qxe4 Qg4+ 33.Kf2 Rb8 34.a3 h5 35.d5 Rd8 36.b5 Rxd5 37.b6 cxb6
38.cxb6 Rd8 39.Qe5 Qf5 40.b7 Qxe5 41.Nxe5 Rd2+ 42.Ke3 Rb2 43.Ba6 Ne6 44.Nc6 Rb3+
45.Kf2 Rxb7 46.Bxb7 Nc5 47.Na5 f5 48.Bc6 Kg7 49.Nb7 Nd3+ 50.Ke2 Ne5 51.Bxa4 f4
52.Bb5 g5 53.a4 g4 54.Nd6 Nf3 55.a5 Nxh2 56.a6 g3 57.Bc6  1-0

[Event "SWE-chT 9394"]
[Site "SWE"]
[Date "1993.??.??"]
[Round "3"]
[White "Hellborg, Teodor"]
[Black "Sjoberg, Mats"]
[Result "0-1"]
[WhiteElo "2240"]
[BlackElo "2475"]

1.d4 Nf6 2.c4 e6 3.g3 Bb4+ 4.Bd2 Qe7 5.Bg2 Nc6 6.Nf3 Bxd2+ 7.Nbxd2 O-O 8.O-O a5
9.e4 d6 10.b3 e5 11.d5 Nb8 12.Qc2 c6 13.Rac1 Na6 14.Nh4 Bd7 15.Qb1 cxd5 16.exd5 b5
17.Nf5 Bxf5 18.Qxf5 b4 19.f4 exf4 20.Qxf4 Nc5 21.Qd4 Rfe8 22.Nf3 Qe3+ 23.Qxe3 Rxe3
24.Rc2 a4 25.bxa4 Rxa4 26.Nd4 Rea3 27.Rb1 Rxa2 28.Rxa2 Rxa2 29.Rxb4 Ra1+
30.Bf1 g6 31.Kg2 Rd1 32.Nf3 Nfd7 33.Rb2 h6 34.h4 Kg7 35.Be2 Rc1 36.Nd4 Ne5
37.Nb5 Ne4 38.Ra2 Kf6 39.Bf3 Nxf3 40.Kxf3 Rxc4 41.Ra7 Rb4 42.Rd7 Nd2+ 43.Ke2 Rxb5
44.Kxd2 Rxd5+ 45.Ke3 h5 46.Ke4 Rd1  0-1

[Event "Szeged op"]
[Site "Szeged"]
[Date "1993.??.??"]
[Round "3"]
[White "Korpics, Zsolt"]
[Black "Volosin, Vladimir"]
[Result "1/2-1/2"]
[WhiteElo "2330"]
[BlackElo "2285"]

1.d4 Nf6 2.c4 e6 3.g3 Bb4+ 4.Bd2 Be7 5.Bg2 d5 6.Nf3 O-O 7.O-O c5 8.cxd5 exd5
9.Nc3 Nc6 10.dxc5 Bxc5 11.Na4 Be7 12.Be3 Ne4 13.Rc1 Be6 14.Nd4 Nxd4 15.Bxd4 Qa5
16.a3 Rac8 17.Nc3 f5 18.f3 Nxc3 19.Rxc3 Rxc3 20.Bxc3 Qb6+ 21.Kh1 Bc5 22.Be5 Be3
23.Qa4 d4 24.Qb4 Qxb4 25.axb4 Bd5 26.Bxd4 Bxd4 27.Rd1 Bxb2  1/2-1/2